[Event "34th Chess Olympiad (men)"]
[Site "Istanbul"]
[Date "2000.11.07"]
[Round "10.1.3"]
[White "Minasian, Artashes"]
[Black "Lutz, Christopher"]
[WhiteElo "2595"]
[BlackElo "2595"]
[WhiteCountry "ARM"]
[BlackCountry "GER"]
[Result "1/2-1/2"]

1. e4 c5 2. Nf3 d6 3. Bc4 Nf6 4. d3 Nc6 5. c3 g6 6. Nbd2 Bg7 7. O-O O-O 
8. Bb3 Rb8 9. Re1 Ne8 10. Nf1 b5 11. Ne3 b4 12. d4 bxc3 13. bxc3 cxd4 
14. cxd4 Nf6 15. Rb1 Ba6 16. Bb2 Na5 17. e5 dxe5 18. dxe5 Qxd1 19. Rbxd1 Nh5 
20. Ba3 Nxb3 21. axb3 Nf4 22. Bxe7 Rfe8 23. Bd6 Rxb3 24. Ra1 Bb7 25. Nd2 Rb5 
26. Ndc4 Nd3 27. Red1 Nxe5 
1/2-1/2

[Event "34th Chess Olympiad (men)"]
[Site "Istanbul"]
[Date "2000.11.07"]
[Round "10.1.4"]
[White "Luther, Thomas"]
[Black "Anastasian, Ashot"]
[WhiteElo "2547"]
[BlackElo "2571"]
[WhiteCountry "GER"]
[BlackCountry "ARM"]
[Result "0-1"]

1. e4 c6 2. d4 d5 3. Nd2 dxe4 4. Nxe4 Nd7 5. Ng5 Ngf6 6. Bd3 e6 7. N1f3 Bd6 
8. Qe2 h6 9. Ne4 Nxe4 10. Qxe4 Qc7 11. Qg4 Kf8 12. O-O c5 13. dxc5 Nxc5 
14. Re1 e5 15. Bf5 e4 16. Nh4 Bxh2+ 17. Kh1 h5 18. Qh3 Be5 19. Be3 g6 
20. Bxc8 Qxc8 21. Bxc5+ Qxc5 22. Rxe4 Kg7 23. c3 Bf6 24. Qf3 Rad8 25. Rf4 Qe5 
26. g3 Rd2 27. Qxb7 Rb8 28. Qxa7 Rbxb2 29. Kg1 Qd5 30. a4 Be5 31. Rf3 Bf6 
32. Rf4 Bxc3 33. Rf1 Be5 34. Rf3 Bf6 35. Rf4 Bg5 36. Ng2 Bxf4 37. Nxf4 Qe5 
38. a5 h4 39. a6 Ra2 
0-1

[Event "34th Chess Olympiad (men)"]
[Site "Istanbul"]
[Date "2000.11.07"]
[Round "10.2.2"]
[White "Georgiev, Kiril"]
[Black "Ponomariov, Ruslan"]
[WhiteElo "2661"]
[BlackElo "2630"]
[WhiteCountry "BUL"]
[BlackCountry "UKR"]
[Result "1/2-1/2"]

1. c4 Nf6 2. Nf3 g6 3. Nc3 Bg7 4. e4 d6 5. d4 O-O 6. Be2 e5 7. O-O Nc6 
8. d5 Ne7 9. b4 Nh5 10. Re1 f5 11. Ng5 Nf6 12. Bf3 c6 13. b5 cxd5 14. cxd5 h6 
15. Ne6 Bxe6 16. dxe6 Rc8 17. Qb3 d5 18. Nxd5 Nfxd5 19. exd5 e4 20. d6 Rc3 
21. Ba3 Rxb3 22. dxe7 Rxa3 23. exd8=Q Rxd8 24. Rad1 Bf6 25. Be2 Kf8 
26. Rxd8+ Bxd8 27. Rd1 Bg5 28. Bc4 Rc3 29. Bb3 Rc1 30. Rxc1 Bxc1 31. Kf1 
1/2-1/2

[Event "34th Chess Olympiad (men)"]
[Site "Istanbul"]
[Date "2000.11.07"]
[Round "10.2.4"]
[White "Kolev, Atanas"]
[Black "Malakhatko, Vadim"]
[WhiteElo "2582"]
[BlackElo "2568"]
[WhiteCountry "BUL"]
[BlackCountry "UKR"]
[Result "1/2-1/2"]

1. d4 Nf6 2. Nf3 c5 3. d5 g6 4. c4 b5 5. Qc2 Bg7 6. e4 O-O 7. cxb5 Bb7 
8. Nc3 e6 9. Be2 a6 10. O-O exd5 11. Nxd5 Nxd5 12. exd5 
1/2-1/2

[Event "34th Chess Olympiad (men)"]
[Site "Istanbul"]
[Date "2000.11.07"]
[Round "10.3.3"]
[White "Sakaev, Konstantin"]
[Black "Grigore, George"]
[WhiteElo "2627"]
[BlackElo "2508"]
[WhiteCountry "RUS"]
[BlackCountry "ROM"]
[Result "1-0"]

1. d4 Nf6 2. c4 g6 3. Nc3 Bg7 4. e4 d6 5. f3 O-O 6. Be3 a6 7. Qd2 c6 8. a4 a5 
9. Bd3 e5 10. Nge2 Nbd7 11. Rd1 exd4 12. Nxd4 Nc5 13. Bc2 Qb6 14. b3 Re8 
15. O-O Be6 16. Qf2 Qc7 17. Rd2 Na6 18. h3 Nb4 19. Bb1 d5 20. cxd5 cxd5 
21. Ncb5 Qb8 22. Bg5 Bd7 23. Qh4 Nh5 24. Rdd1 h6 25. Be3 Ra6 26. Ne2 Bxb5 
27. axb5 Rae6 28. Nd4 R6e7 29. Nf5 gxf5 30. Qxh5 f4 31. Bc1 d4 32. Qg4 Qe5 
33. Bxf4 Qxb5 34. Bxh6 f5 35. exf5 d3 36. f6 Qb6+ 37. Kh1 Qxf6 38. Bg5 
1-0

[Event "34th Chess Olympiad (men)"]
[Site "Istanbul"]
[Date "2000.11.07"]
[Round "10.3.4"]
[White "Ionescu, Constantin"]
[Black "Grischuk, Alexander"]
[WhiteElo "2492"]
[BlackElo "2606"]
[WhiteCountry "ROM"]
[BlackCountry "RUS"]
[Result "0-1"]

1. c4 e6 2. g3 d5 3. Bg2 Nf6 4. Nf3 dxc4 5. Qa4+ c6 6. Qxc4 b5 7. Qb3 Bb7 
8. O-O Nbd7 9. Nc3 a6 10. d3 Be7 11. Bf4 Rc8 12. Rfc1 O-O 13. h3 c5 14. a4 c4 
15. dxc4 Nc5 16. Qa2 b4 17. Rd1 Qe8 18. Nb1 b3 19. Qa3 Nfe4 20. Be3 Rb8 
21. Nbd2 Nxd2 22. Bxc5 Nxc4 23. Bxe7 Nxa3 24. Bxa3 h6 25. Bxf8 Qxf8 
26. Ne5 Bxg2 27. Nd7 Qb4 28. Nxb8 Bd5 29. Nxa6 Qb6 30. a5 Qxa6 31. Rd3 Kh7 
32. g4 Ba8 33. f3 Qc4 34. a6 Qc2 35. Ra3 Qxb2 36. Rdxb3 Qxe2 37. a7 e5 
38. Re3 Qd2 39. h4 e4 40. fxe4 Bxe4 
0-1

[Event "34th Chess Olympiad (men)"]
[Site "Istanbul"]
[Date "2000.11.07"]
[Round "10.5.2"]
[White "Nielsen, Peter"]
[Black "Avrukh, Boris"]
[WhiteElo "2578"]
[BlackElo "2625"]
[WhiteCountry "DEN"]
[BlackCountry "ISR"]
[Result "1/2-1/2"]

1. Nf3 c5 2. c4 Nc6 3. Nc3 e5 4. d3 d6 5. a3 a5 6. e3 f5 7. d4 e4 8. d5 exf3 
9. dxc6 bxc6 10. Qxf3 Ne7 11. e4 fxe4 12. Qxe4 Bf5 13. Qe2 Qd7 14. Bf4 O-O-O 
15. Na4 Qc7 16. g4 Bd7 17. O-O-O Ng6 18. Be3 Re8 19. h3 h5 20. gxh5 Nh4 
21. Qd3 Bf5 22. Qb3 Qb7 23. Qc3 Qc7 24. h6 Be4 25. Rg1 Nf5 26. Bf4 Nd4 
27. Rxd4 cxd4 28. Qxd4 Rxh6 29. Bxh6 gxh6 30. Nc3 Qf7 31. Qd2 Bh7 32. Be2 h5 
33. f4 Bh6 34. Rf1 Rf8 35. Bd3 Bf5 36. Kb1 Qxc4 37. Bxf5+ Rxf5 38. Re1 Bxf4 
39. Qc2 Re5 40. Rd1 Qe6 41. Qa4 Qf5+ 42. Ka1 Kd7 43. Rf1 Qf7 44. Qd4 Rf5 
45. Qa7+ Ke6 46. Qa8 Bd2 47. Qc8+ Ke5 48. Rxf5+ Qxf5 49. Qxc6 Bxc3 
50. Qxc3+ Kf4 51. b4 axb4 
1/2-1/2

[Event "34th Chess Olympiad (men)"]
[Site "Istanbul"]
[Date "2000.11.07"]
[Round "10.5.3"]
[White "Psakhis, Lev"]
[Black "Hansen, Lars"]
[WhiteElo "2611"]
[BlackElo "2562"]
[WhiteCountry "ISR"]
[BlackCountry "DEN"]
[Result "1/2-1/2"]

1. e4 c6 2. d4 d5 3. e5 c5 4. dxc5 Nc6 5. Bb5 e6 6. Qg4 Nge7 7. Nf3 Nf5 
8. Bd3 f6 9. Bxf5 exf5 10. Qg3 fxe5 11. Nxe5 Qe7 12. O-O Qxe5 13. Qxe5+ Nxe5 
14. Re1 Bxc5 15. Rxe5+ Kf7 16. Be3 Bxe3 17. Rxe3 Be6 18. Nd2 d4 19. Re2 Bd5 
20. Re5 Rhd8 21. Rxf5+ Kg8 22. Rf4 Rac8 23. Rxd4 Bxg2 24. Rxd8+ Rxd8 
25. Kxg2 Rxd2 26. Rc1 Kf7 27. Kf3 Kf6 28. a4 Rd5 29. Re1 Rf5+ 30. Kg2 Rg5+ 
31. Kh1 Rc5 32. Re2 Rc4 33. b3 Rc3 34. Kg2 g5 35. Rd2 Ke6 36. h3 h5 37. Kh2 h4 
38. Kg2 b6 39. Kh2 a5 40. Kg2 Ke5 41. Kh2 
1/2-1/2

[Event "34th Chess Olympiad (men)"]
[Site "Istanbul"]
[Date "2000.11.07"]
[Round "10.6.1"]
[White "Milos, Gilberto"]
[Black "Adams, Michael"]
[WhiteElo "2633"]
[BlackElo "2755"]
[WhiteCountry "BRA"]
[BlackCountry "ENG"]
[Result "1/2-1/2"]

1. e4 e5 2. Nf3 Nc6 3. Bb5 a6 4. Ba4 Nf6 5. O-O Be7 6. Re1 b5 7. Bb3 O-O 
8. a4 Bb7 9. d3 d6 10. Nbd2 Na5 11. Ba2 c5 12. Nf1 b4 13. Ne3 Bc8 14. Nd2 Rb8 
15. Ndc4 Nc6 16. Bd2 Be6 17. a5 Rb5 18. Bb3 Nxa5 19. Nxa5 Rxa5 20. Bxe6 fxe6 
21. Nc4 Rxa1 22. Qxa1 Qc8 23. Qa2 Qc6 24. Na5 Qd7 25. Nc4 Qc6 26. Na5 Qd7 
27. Nc4 
1/2-1/2

[Event "34th Chess Olympiad (men)"]
[Site "Istanbul"]
[Date "2000.11.07"]
[Round "10.6.2"]
[White "Short, Nigel D"]
[Black "Leitao, Rafael"]
[WhiteElo "2677"]
[BlackElo "2567"]
[WhiteCountry "ENG"]
[BlackCountry "BRA"]
[Result "1/2-1/2"]

1. e4 c5 2. Nf3 d6 3. d4 cxd4 4. Nxd4 Nf6 5. Nc3 a6 6. Be2 e5 7. Nb3 Be7 
8. Be3 Be6 9. Nd5 Nbd7 10. Qd3 Bxd5 11. exd5 O-O 12. g4 Nb6 13. c4 Rc8 
14. Nd2 Na4 15. g5 Nd7 16. h4 b5 17. cxb5 Ndc5 18. Qa3 Nb6 19. b4 Nca4 
20. Bxb6 Nxb6 21. Qb3 axb5 22. Bxb5 f6 23. Qh3 Rc2 24. a4 Kh8 25. Qd3 Qc8 
26. Bc6 Rxc6 27. dxc6 Qxc6 28. Rh2 d5 29. b5 Qc5 30. Kf1 e4 31. Qe3 Qc7 
32. Rg2 Bc5 33. Qg3 Bd6 34. Qb3 fxg5 35. hxg5 Be5 36. Rd1 Ra8 37. Kg1 Rxa4 
38. Nf1 Qc5 39. Qh3 Ra8 40. Ne3 Qxb5 41. Qe6 Re8 42. Qf7 d4 43. Ng4 Nc4 
44. g6 Nd6 45. Qa2 Nf5 46. Rb1 Qc5 47. Qf7 Nd6 48. Qd7 hxg6 49. Nxe5 
1/2-1/2

[Event "34th Chess Olympiad (men)"]
[Site "Istanbul"]
[Date "2000.11.07"]
[Round "10.6.3"]
[White "Lima, Darcy"]
[Black "Hodgson, Julian M"]
[WhiteElo "2525"]
[BlackElo "2640"]
[WhiteCountry "BRA"]
[BlackCountry "ENG"]
[Result "1/2-1/2"]

1. c4 e5 2. g3 Nf6 3. Bg2 Nc6 4. Nc3 Bc5 5. a3 Bd4 6. Nd5 d6 7. Nf3 Bb6 
8. Nxb6 axb6 9. O-O O-O 10. d3 h6 11. e4 Bg4 12. h3 Bh5 13. Be3 Nh7 
14. Qd2 Bxf3 15. Bxf3 Ng5 16. Bg2 Ne6 17. f4 Ned4 18. Rae1 f5 19. Rf2 exf4 
1/2-1/2

[Event "34th Chess Olympiad (men)"]
[Site "Istanbul"]
[Date "2000.11.07"]
[Round "10.6.4"]
[White "Emms, John M"]
[Black "Braga, Cicero"]
[WhiteElo "2527"]
[BlackElo "2426"]
[WhiteCountry "ENG"]
[BlackCountry "BRA"]
[Result "1/2-1/2"]

1. e4 c5 2. Nf3 Nc6 3. c3 d5 4. exd5 Qxd5 5. d4 Bg4 6. Be2 cxd4 7. cxd4 e6 
8. Nc3 Qd7 9. O-O Bd6 10. d5 exd5 11. Nxd5 Nge7 12. Ne3 Bh5 13. Nc4 Rd8 
14. Nxd6+ Qxd6 15. Qxd6 Rxd6 16. Be3 O-O 17. Rfd1 Rfd8 18. Rxd6 Rxd6 19. h3 Kf8 
20. g4 Bg6 21. Rd1 Rxd1+ 22. Bxd1 Be4 23. Kh2 h6 24. Nd2 Bd5 25. a3 f5 
26. f4 Kf7 27. Kg3 Be6 28. Bc2 Nd5 29. Bf2 Kf6 30. Nf3 g5 31. fxg5+ hxg5 
32. gxf5 Bxf5 33. Bb3 Nf4 34. Ng1 Nd3 35. Bd5 Ke5 
1/2-1/2

[Event "34th Chess Olympiad (men)"]
[Site "Istanbul"]
[Date "2000.11.07"]
[Round "10.7.1"]
[White "Kasimdzhanov, Rustam"]
[Black "Van, Wely Loek"]
[WhiteElo "2690"]
[BlackElo "2643"]
[WhiteCountry "UZB"]
[BlackCountry "NED"]
[Result "1/2-1/2"]

1. d4 Nf6 2. c4 g6 3. Nc3 d5 4. Nf3 Bg7 5. Qb3 dxc4 6. Qxc4 O-O 7. e4 Na6 
8. Be2 c5 9. d5 e6 10. Bg5 h6 11. Bxf6 Bxf6 12. O-O-O Qa5 13. e5 Bg7 14. h4 Nb4 
15. d6 Bd7 16. Kb1 Nc6 17. h5 g5 18. Bd3 Qb4 19. Qe4 Qxe4 20. Nxe4 g4 
21. Nxc5 Rad8 22. Nh2 Nxe5 23. Nxd7 Rxd7 24. Bb5 Rdd8 25. Rhe1 a6 26. Be2 Rd7 
27. Nxg4 
1/2-1/2

[Event "34th Chess Olympiad (men)"]
[Site "Istanbul"]
[Date "2000.11.07"]
[Round "10.7.2"]
[White "Piket, Jeroen"]
[Black "Zagrebelny, Sergey"]
[WhiteElo "2649"]
[BlackElo "2536"]
[WhiteCountry "NED"]
[BlackCountry "UZB"]
[Result "1/2-1/2"]

1. d4 d5 2. c4 c6 3. Nf3 Nf6 4. Nc3 a6 5. c5 Bf5 6. Bf4 e6 7. e3 Nbd7 
8. Be2 Be7 9. Nd2 h6 10. b4 O-O 11. O-O Re8 12. Bg3 Qc8 13. Bf3 Bd8 14. e4 dxe4 
15. Bxe4 Nxe4 16. Ndxe4 Bxe4 17. Nxe4 Be7 18. Be5 f5 19. Nd2 a5 20. a3 b5 
21. cxb6 Nxb6 22. bxa5 Rxa5 23. Qb3 Ra6 24. Rfc1 Qd7 25. Qg3 Bf8 26. h4 Rea8 
27. Rc3 Bb4 28. Rxc6 R8a7 29. Rc2 Rxa3 30. Rxa3 Rxa3 31. Nf3 Nd5 32. Rc8+ Kh7 
33. Kh2 Ra7 34. Rb8 Qf7 35. Ng1 Qh5 36. Nh3 Rf7 37. f3 Be7 38. Rb7 Kg8 
39. Rb8+ Kh7 40. Rb7 Kg8 41. Rb8+ Kh7 
1/2-1/2

[Event "34th Chess Olympiad (men)"]
[Site "Istanbul"]
[Date "2000.11.07"]
[Round "10.7.3"]
[White "Yuldashev, Saydali"]
[Black "Van, Der Sterren Paul"]
[WhiteElo "2515"]
[BlackElo "2569"]
[WhiteCountry "UZB"]
[BlackCountry "NED"]
[Result "0-1"]

1. e4 e5 2. Nf3 Nc6 3. Nc3 Nf6 4. Bb5 Bb4 5. O-O O-O 6. d3 d6 7. Bg5 Bxc3 
8. bxc3 Qe7 9. Nd2 h6 10. Bh4 Nd8 11. Re1 Ne6 12. Nf1 g5 13. Bg3 c5 14. Ne3 Nf4 
15. d4 Rd8 16. f3 Qc7 17. Bf1 Be6 18. Bf2 Qa5 19. Rb1 Rab8 20. h4 Kh7 
21. hxg5 hxg5 22. g3 N4h5 23. Nd5 Bxd5 24. exd5 cxd4 25. Qd3+ Kh6 26. Qf5 Qxc3 
27. g4 Qc8 28. Qxc8 Rdxc8 29. gxh5 Rxc2 30. Rb5 b6 31. a4 Rc5 32. a5 Nxd5 
33. axb6 axb6 34. Ra1 Rxb5 35. Bxb5 Nc3 36. Bd3 Kxh5 37. Ra7 Rf8 38. Rd7 g4 
39. fxg4+ Kxg4 40. Rxd6 b5 41. Kg2 f5 42. Rg6+ Kf4 43. Bf1 Ke4 44. Rb6 Rg8+ 
45. Kh1 Kf3 46. Be1 Rg1+ 47. Kxg1 Ne2+ 48. Bxe2+ Kxe2 49. Ba5 
0-1

[Event "34th Chess Olympiad (men)"]
[Site "Istanbul"]
[Date "2000.11.07"]
[Round "10.9.2"]
[White "Stohl, Igor"]
[Black "Banikas, Hristos"]
[WhiteElo "2578"]
[BlackElo "2542"]
[WhiteCountry "SVK"]
[BlackCountry "GRE"]
[Result "1-0"]

1. d4 Nf6 2. c4 g6 3. g3 Bg7 4. Bg2 O-O 5. Nf3 d6 6. O-O c6 7. Nc3 Qa5 8. e4 e5 
9. h3 exd4 10. Nxd4 Nbd7 11. Nde2 Qc7 12. Be3 Re8 13. Qc2 b6 14. Rad1 Ba6 
15. b3 Rad8 16. Rd2 b5 17. cxb5 cxb5 18. b4 Nb6 19. Bd4 Qc4 20. Qb1 Qc8 
21. Qa1 Rd7 22. Nf4 Qd8 23. Ncd5 Nfxd5 24. Nxd5 Nxd5 25. Bxg7 f6 26. Bh6 Nb6 
27. Rfd1 Bb7 28. Rd4 Nc4 29. h4 Qa8 30. f3 Rf7 31. Qc3 a6 32. Rxc4 bxc4 
33. Rxd6 Qb8 34. Bf4 Qa7+ 35. Kh2 Bc8 36. Rxf6 Rxf6 37. Qxf6 Qe7 38. Qc3 Be6 
39. Bf1 Rc8 40. Qe5 Rc6 41. Qc3 Kf7 42. Be3 Rc8 43. Be2 Qf6 44. Bd4 Qe7 
45. Kg2 Rb8 46. Bc5 Qd7 47. Bxc4 a5 48. a3 axb4 49. axb4 Rd8 50. Qb3 Qd2+ 
51. Bf2 Bxc4 52. Qxc4+ Ke7 53. b5 Rd3 54. Qc7+ Kf8 55. b6 Rb3 56. b7 Qb2 
57. Qxh7 Rxb7 58. Qxg6 Qe2 59. Qf5+ Kg7 60. Qg5+ Kh7 61. Qe3 Qd1 62. e5 
1-0

[Event "34th Chess Olympiad (men)"]
[Site "Istanbul"]
[Date "2000.11.07"]
[Round "10.9.3"]
[White "Nikolaidis, Ioannis"]
[Black "Mrva, Martin"]
[WhiteElo "2515"]
[BlackElo "2468"]
[WhiteCountry "GRE"]
[BlackCountry "SVK"]
[Result "1/2-1/2"]

1. e4 c5 2. b3 d6 3. Bb2 Nf6 4. Bb5+ Nc6 5. Bxc6+ bxc6 6. d3 e5 7. Ne2 g6 
8. O-O Bg7 9. Nd2 O-O 10. Nc4 Be6 11. f4 Bxc4 12. bxc4 Rb8 13. Bc3 
1/2-1/2

[Event "34th Chess Olympiad (men)"]
[Site "Istanbul"]
[Date "2000.11.07"]
[Round "10.9.4"]
[White "Markos, Jan"]
[Black "Halkias, Stelios"]
[WhiteElo "2327"]
[BlackElo "2502"]
[WhiteCountry "SVK"]
[BlackCountry "GRE"]
[Result "0-1"]

1. d4 e6 2. c4 b6 3. a3 f5 4. Nc3 Nf6 5. Nf3 Bb7 6. d5 Na6 7. g3 g6 8. Bg2 Bg7 
9. O-O O-O 10. Bf4 Nc5 11. Rc1 Nfe4 12. Be5 Bh6 13. e3 d6 14. Bd4 e5 
15. Bxc5 Nxc5 16. b4 Nd7 17. Na4 Ba6 18. Re1 g5 19. c5 g4 20. Nh4 e4 
21. Nxf5 Rxf5 22. Qxg4+ Qg5 23. Qxe4 Rf7 24. cxd6 cxd6 25. Rc7 Re7 26. h4 Qg7 
27. Qc2 Ne5 28. Rc1 Rf8 29. Rxe7 Qxe7 30. Qc7 Qf6 31. f4 Qg6 32. Qe7 Qxg3 
33. Qe6+ Kh8 34. Qh3 Qg7 35. fxe5 Qxe5 36. Rc3 b5 37. Qe6 Qg7 38. Rc6 Rg8 
0-1

[Event "34th Chess Olympiad (men)"]
[Site "Istanbul"]
[Date "2000.11.07"]
[Round "10.10.2"]
[White "Kunte, Abhijit"]
[Black "Sturua, Zurab"]
[WhiteElo "2556"]
[BlackElo "2594"]
[WhiteCountry "IND"]
[BlackCountry "GEO"]
[Result "1/2-1/2"]

1. e4 d6 2. d4 Nf6 3. Bd3 e5 4. c3 d5 5. dxe5 Nxe4 6. Nf3 Nc6 7. Nbd2 Bg4 
8. O-O Nxd2 9. Bxd2 Be7 10. Re1 O-O 11. h3 Bh5 12. Bf5 Kh8 13. g4 Bg6 
14. Qc2 Bc5 15. Be3 
1/2-1/2

[Event "34th Chess Olympiad (men)"]
[Site "Istanbul"]
[Date "2000.11.07"]
[Round "10.10.3"]
[White "Gelashvili, Tamaz"]
[Black "Harikrishna, P"]
[WhiteElo "2519"]
[BlackElo "2500"]
[WhiteCountry "GEO"]
[BlackCountry "IND"]
[Result "1/2-1/2"]

1. Nf3 Nf6 2. g3 d5 3. Bg2 Bf5 4. O-O e6 5. d3 h6 6. Nbd2 Be7 7. b3 O-O 
8. Bb2 Bh7 9. Ne5 Nbd7 10. Nxd7 Nxd7 11. e4 Bf6 12. Bxf6 Nxf6 13. e5 Nd7 
14. f4 a5 15. a4 c6 16. Qe2 b5 17. Kh1 Qb6 18. Nf3 Qc5 19. Qd2 b4 20. Rae1 Qc3 
21. Qxc3 bxc3 22. Nd4 Rac8 23. Rc1 c5 24. Nb5 d4 25. Nd6 Rc7 26. Nb7 Nb6 
27. Nxa5 Nd5 28. Nc4 Nb4 29. Na3 Rb8 30. Rcd1 Ra7 31. Nb5 Ra5 32. Rf2 Rd8 
33. Nd6 Ra6 34. g4 f6 35. Nc4 Rb8 36. Kg1 Ra7 37. f5 fxe5 38. Nxe5 exf5 
39. gxf5 Rb6 40. Be4 Re7 41. Ng6 Bxg6 42. fxg6 Rf6 43. Rdf1 Ree6 44. h4 Kf8 
45. Rxf6+ gxf6 46. Rf2 Kg7 47. Kf1 Re5 48. Re2 f5 49. Bb7 Rxe2 50. Kxe2 Nxc2 
51. a5 Nb4 52. h5 f4 53. Be4 Kf6 
1/2-1/2

[Event "34th Chess Olympiad (men)"]
[Site "Istanbul"]
[Date "2000.11.07"]
[Round "10.10.4"]
[White "Barua, Dibyendu"]
[Black "Jobava, Baadur"]
[WhiteElo "2502"]
[BlackElo "2480"]
[WhiteCountry "IND"]
[BlackCountry "GEO"]
[Result "1-0"]

1. e4 c5 2. Nf3 d6 3. d4 cxd4 4. Nxd4 Nf6 5. Nc3 a6 6. Be2 e5 7. Nb3 Be7 
8. O-O O-O 9. Kh1 Qc7 10. a4 Be6 11. f4 Nbd7 12. a5 Rfd8 13. Be3 Rac8 
14. f5 Bc4 15. Ra4 Bb5 16. Ra1 Qc6 17. Bd3 Bxd3 18. Qxd3 Nc5 19. Nxc5 dxc5 
20. Qc4 h6 21. Rfe1 Rd7 22. Rad1 Rcd8 23. Rxd7 Rxd7 24. h3 Nh5 25. Kg1 Nf6 
26. Kf2 Bd8 27. Ra1 Rd4 28. Bxd4 exd4 29. Qd3 Bc7 30. Nd5 Nxd5 31. exd5 Qxd5 
32. b3 Qe5 33. Re1 Qf6 34. Re8+ Kh7 35. Qe4 Bxa5 36. Ke2 Bb4 37. Qxb7 Qxf5 
38. Qe4 Qxe4+ 39. Rxe4 a5 40. Kd3 f5 41. Re6 Kg8 42. Rc6 Kf7 43. Kc4 h5 
44. Kd5 g6 45. Ke5 Kg7 46. Ke6 h4 47. Rc7+ Kh6 48. Kf6 Ba3 49. Rg7 c4 
50. bxc4 g5 51. Rg6+ Kh7 52. Kxf5 a4 53. Ra6 
1-0

[Event "34th Chess Olympiad (men)"]
[Site "Istanbul"]
[Date "2000.11.07"]
[Round "10.11.1"]
[White "Comas, Fabrego Luis"]
[Black "Kotsur, Pavel"]
[WhiteElo "2516"]
[BlackElo "2589"]
[WhiteCountry "ESP"]
[BlackCountry "KAZ"]
[Result "1/2-1/2"]

1. Nf3 c5 2. g3 Nc6 3. Bg2 g6 4. O-O Bg7 5. d3 e5 6. c3 Nge7 7. a3 a5 8. a4 O-O 
9. e4 h6 10. Na3 d6 11. Nd2 Be6 12. Nb5 d5 13. exd5 Nxd5 14. Nc4 Rb8 
15. Re1 Qd7 16. Be3 b6 17. Qe2 Kh7 18. Qf1 Rfd8 19. Rad1 f5 20. Bc1 Bg8 
21. f4 exf4 22. Bxd5 Bxd5 23. Bxf4 Rb7 24. Nbd6 Rbb8 25. Nb5 Rb7 26. Nbd6 Rbb8 
27. Nb5 
1/2-1/2

[Event "34th Chess Olympiad (men)"]
[Site "Istanbul"]
[Date "2000.11.07"]
[Round "10.11.2"]
[White "Vladimirov, Evgeny"]
[Black "Magem, Badals Jordi"]
[WhiteElo "2598"]
[BlackElo "2482"]
[WhiteCountry "KAZ"]
[BlackCountry "ESP"]
[Result "1/2-1/2"]

1. d4 d5 2. c4 c6 3. Nf3 Nf6 4. Qc2 dxc4 5. Qxc4 Bf5 6. g3 e6 7. Bg2 Nbd7 
8. O-O Be7 9. Rd1 O-O 10. Bf4 Qb6 11. Qc1 c5 12. Nc3 Rac8 13. Be3 h6 
14. dxc5 Nxc5 15. Nd4 Bg6 16. Nb3 Nxb3 17. axb3 Qxb3 18. Rxa7 Be4 19. Bxe4 Nxe4 
20. Qb1 Nxc3 21. bxc3 
1/2-1/2

[Event "34th Chess Olympiad (men)"]
[Site "Istanbul"]
[Date "2000.11.07"]
[Round "10.11.3"]
[White "Moreno, Javier"]
[Black "Sadvakasov, Darmen"]
[WhiteElo "2515"]
[BlackElo "2509"]
[WhiteCountry "ESP"]
[BlackCountry "KAZ"]
[Result "1/2-1/2"]

1. e4 c5 2. Nf3 d6 3. d4 cxd4 4. Nxd4 Nf6 5. Nc3 a6 6. Be2 e5 7. Nb3 Be7 
8. Be3 Be6 9. Nd5 Bxd5 10. exd5 O-O 11. Qd3 Nbd7 12. g4 Nc5 13. Nxc5 dxc5 
14. O-O-O e4 15. Qb3 Bd6 16. g5 Nd7 17. Qxb7 Nb6 18. Bg4 Nc4 19. Qb3 Nxe3 
20. Qxe3 Rb8 21. Kb1 f5 22. gxf6 Qxf6 23. b3 Be5 24. Qxe4 Kh8 25. c4 a5 
26. Rhe1 Ba1 27. Re2 a4 28. Rd3 axb3 29. axb3 Bc3 30. Kc2 Ba1 31. Kd1 Bd4 
32. Rf3 Qa6 33. Qb1 
1/2-1/2

[Event "34th Chess Olympiad (men)"]
[Site "Istanbul"]
[Date "2000.11.07"]
[Round "10.11.4"]
[White "Kazhgaleyev, Murtas"]
[Black "Gomez Esteban, Mario"]
[WhiteElo "2526"]
[BlackElo "2505"]
[WhiteCountry "KAZ"]
[BlackCountry "ESP"]
[Result "1-0"]

1. d4 Nf6 2. c4 e6 3. Nf3 b6 4. a3 Bb7 5. Nc3 d5 6. cxd5 Nxd5 7. Qc2 Nxc3 
8. bxc3 Be7 9. e4 O-O 10. Bd3 c5 11. O-O Qc8 12. Qa2 Nd7 13. Qe2 Qc7 
14. a4 Rfe8 15. Rd1 h6 16. Bc2 Rac8 17. d5 exd5 18. exd5 Bf6 19. Qd3 Nf8 
20. Qc4 Rcd8 21. a5 Qd6 22. Bb3 Ng6 23. axb6 axb6 24. Qd3 Ne5 25. Nxe5 Qxe5 
26. Bb2 Qe2 27. Qb1 c4 28. Ba4 Re5 29. Bc6 Bxc6 30. dxc6 Rxd1+ 31. Qxd1 Qxd1+ 
32. Rxd1 Rc5 33. Rd6 Be5 34. Rd8+ Kh7 35. Rc8 Rb5 36. f4 Bxf4 37. Ba3 Ra5 
38. Bb4 Ra7 39. Kf2 Kg6 40. Kf3 Bc7 41. h3 h5 42. Ke4 Bg3 43. Rd8 f6 
44. Kd5 Ra2 45. Bd6 Rd2+ 46. Ke6 Re2+ 47. Kd7 Rd2 48. Kc7 Bxd6+ 49. Rxd6 Rxg2 
50. Kb8 Rg5 51. Kb7 Re5 52. Kxb6 Re8 53. c7 Rc8 54. Rd8 Rxc7 55. Kxc7 Kf5 
56. Kd6 g5 57. Rh8 h4 58. Rh6 Kf4 59. Rxf6+ Kg3 60. Rg6 Kxh3 61. Rxg5 
1-0

[Event "34th Chess Olympiad (men)"]
[Site "Istanbul"]
[Date "2000.11.07"]
[Round "10.13.1"]
[White "Babula, Vlastimil"]
[Black "Markowski, Tomasz"]
[WhiteElo "2582"]
[BlackElo "2568"]
[WhiteCountry "CZE"]
[BlackCountry "POL"]
[Result "0-1"]

1. d4 d5 2. c4 e6 3. Nc3 c6 4. Nf3 dxc4 5. a4 Bb4 6. e3 b5 7. Bd2 a5 8. Rb1 Qb6 
9. Ne5 Nf6 10. g4 Bb7 11. Rg1 Nfd7 12. Nf3 Na6 13. Be2 Be7 14. axb5 cxb5 
15. b3 Nb4 16. bxc4 bxc4 17. Bxc4 O-O 18. Kf1 Rac8 19. Be2 Rfd8 20. g5 Qc7 
21. Rg3 e5 22. Qb3 exd4 23. exd4 Bf8 24. Rg4 Nc5 25. dxc5 Bxf3 26. Bxf3 Rxd2 
27. Kg2 Nd3 28. Ne4 Nxc5 29. Nf6+ Kh8 30. Qc3 Rd3 31. Rh4 h6 32. Qa1 Qd8 
33. Ng4 Qxg5 34. Rxh6+ Kg8 35. Rh5 Qf4 36. Ne3 a4 37. Qa2 g6 38. Rh3 Rcd8 
39. Rb2 Ne6 40. Rg3 Qe5 41. h3 a3 42. Rc2 Qf6 
0-1

[Event "34th Chess Olympiad (men)"]
[Site "Istanbul"]
[Date "2000.11.07"]
[Round "10.13.4"]
[White "Kempinski, Robert"]
[Black "Polak, Tomas"]
[WhiteElo "2522"]
[BlackElo "2499"]
[WhiteCountry "POL"]
[BlackCountry "CZE"]
[Result "1/2-1/2"]

1. d4 Nf6 2. c4 e6 3. Nf3 b6 4. Nc3 Bb7 5. Bg5 Bb4 6. Qc2 h6 7. Bh4 Qe7 
8. a3 Bxc3+ 9. Qxc3 d6 10. Nd2 Nbd7 11. f3 O-O 12. e3 Rfe8 13. Qc2 c5 
14. dxc5 bxc5 15. Be2 a5 16. O-O d5 17. Rac1 a4 18. Bf2 Rec8 19. Rfe1 Qd6 
20. cxd5 exd5 21. e4 dxe4 22. Nxe4 Nxe4 23. fxe4 Ne5 24. Qc3 Qe6 25. Bg3 f6 
26. Bxe5 Qxe5 27. Qxe5 fxe5 28. Rc4 Ra5 29. Bd1 Bc6 30. Re3 Rb8 31. Rc2 Rd8 
32. Bf3 Rd4 33. Rec3 Bxe4 34. Bxe4 Rxe4 35. Rxc5 Rxc5 36. Rxc5 Re2 37. Rb5 Kf7 
38. Kf1 Rc2 39. Rxe5 
1/2-1/2

[Event "34th Chess Olympiad (men)"]
[Site "Istanbul"]
[Date "2000.11.07"]
[Round "10.14.1"]
[White "Stefansson, Hannes"]
[Black "Bauer, Christian"]
[WhiteElo "2557"]
[BlackElo "2562"]
[WhiteCountry "ISL"]
[BlackCountry "FRA"]
[Result "1/2-1/2"]

1. e4 e6 2. d4 d5 3. Nc3 Nf6 4. Bg5 dxe4 5. Nxe4 Nbd7 6. Nf3 h6 7. Nxf6+ Nxf6 
8. Bxf6 Qxf6 9. Bb5+ c6 10. Bc4 Bd6 11. Qe2 O-O 12. O-O-O b5 13. Bd3 Bb7 
14. Be4 Rab8 15. g3 c5 16. Ne5 Bxe4 17. Qxe4 Bxe5 18. Qxe5 
1/2-1/2

[Event "34th Chess Olympiad (men)"]
[Site "Istanbul"]
[Date "2000.11.07"]
[Round "10.14.2"]
[White "Nataf, Igor-Alexandre"]
[Black "Olafsson, Helgi"]
[WhiteElo "2526"]
[BlackElo "2478"]
[WhiteCountry "FRA"]
[BlackCountry "ISL"]
[Result "1/2-1/2"]

1. e4 e5 2. Nf3 Nf6 3. d4 Nxe4 4. Bd3 d5 5. Nxe5 Nd7 6. Nxd7 Bxd7 7. O-O Bd6 
8. c4 c6 9. cxd5 cxd5 10. Qh5 O-O 11. Qxd5 Bc6 12. Qh5 g6 13. Qh3 Ng5 
14. Qh6 Ne6 15. Be3 Qf6 16. Nc3 Bf4 17. Bxf4 Qxf4 18. Qxf4 Nxf4 19. Be4 Bxe4 
20. Nxe4 Ne2+ 21. Kh1 Nxd4 22. Rad1 Rfd8 23. Nf6+ 
1/2-1/2